000 01590cam a2200397 a 4500
001 641656
003 OSt
005 20230602110156.0
008 930609s1993 enkab b 101 0 eng
010 _a 93150108
020 _a0852552165 (cloth)
020 _a0852552157 (paper)
020 _a0821410296 (U.S. : cloth)
020 _a0821410458 (U.S. : paper)
040 _aDLC
_cDLC
_dDLC
043 _af-ke---
_af-tz---
082 _a967.6
_bSPE
100 _cThomas Spear
_d1993
245 0 0 _aBeing Maasai :
_bethnicity & identity in East Africa /
_cedited by Thomas Spear & Richard Waller.
260 _aLondon :
_bJ. Currey ;
_aDar es Salaam :
_bMkuki na Nyota ;
_aNairobi :
_bEAEP ;
_aAthens :
_bOhio University Press,
_cc1993.
300 _axi, 322 p. :
_bill., maps ;
_c23 cm.
490 1 _aEastern African studies
500 _aChiefly papers presented at the African Studies Association Meeting in Atlanta in 1989.
504 _aIncludes bibliographical references (p. 303-316) and index.
650 0 _aMaasai (African people)
_xEthnic identity
_vCongresses.
650 0 _aMaasai (African people)
_xSocial life and customs
_vCongresses.
650 0 _aEthnicity
_zKenya
_vCongresses.
650 0 _aEthnicity
_zTanzania
_vCongresses.
700 1 _aSpear, Thomas T.
700 1 _aWaller, Richard
_q(Richard D.)
710 2 _aAfrican Studies Association.
_bMeeting
_d(1989 :
_cAtlanta, Ga.)
830 0 _aEastern African studies (London, England)
906 _a7
_bcbc
_corignew
_d2
_encip
_f19
_gy-gencatlg
942 _2ddc
_cBK
999 _c78
_d78